I am cat (Record no. 1346)
[ view plain ]
| 000 -LEADER | |
|---|---|
| fixed length control field | 01336nam a22002537a 4500 |
| 005 - DATE AND TIME OF LATEST TRANSACTION | |
| control field | 20230818114842.0 |
| 020 ## - INTERNATIONAL STANDARD BOOK NUMBER | |
| International Standard Book Number | 9781847805072 |
| 040 ## - CATALOGING SOURCE | |
| Original cataloging agency | FISKH |
| Language of cataloging | eng |
| Transcribing agency | FISKH |
| Modifying agency | FISKH |
| 050 ## - LIBRARY OF CONGRESS CALL NUMBER | |
| Classification number | PZ7.M82818 |
| 082 ## - DEWEY DECIMAL CLASSIFICATION NUMBER | |
| Classification number | 823.92 |
| 100 ## - MAIN ENTRY--PERSONAL NAME | |
| Personal name | Morris, Jackie |
| 245 ## - TITLE STATEMENT | |
| Title | I am cat |
| Statement of responsibility, etc. | Jackie Morris |
| 250 ## - EDITION STATEMENT | |
| Edition statement | This edition first published in Great Britain and the USA 2014 |
| 260 ## - PUBLICATION, DISTRIBUTION, ETC. | |
| Place of publication, distribution, etc. | London : |
| Name of publisher, distributor, etc. | Frances Lincoln, |
| Date of publication, distribution, etc. | 2012 |
| 300 ## - PHYSICAL DESCRIPTION | |
| Extent | 24 unnumbered pages : |
| Dimensions | 15 cm |
| 505 ## - FORMATTED CONTENTS NOTE | |
| Formatted contents note | B |
| 520 ## - SUMMARY, ETC. | |
| Summary, etc. | A cat sleeps, curled up in a warm place, and while it sleeps it dreams. . . of being a tiger, flame cat of the forest; a cheetah - fast as the wind on the African plains; a lion, lounging through the heat of the day, tangled in sunshine on the African savannah; a jaguar, perfectly camouflaged deep in the jungle. And the cat dreams of being a lynx, a puma, a snow leopard, a Scottish wild cat, an Asian fishing cat, and the rare Amur leopard. Finally Cat wakes, a domestic cat again, telling his dreams to the child who is stroking him. Ten wild habitats, ten wild cats and one domestic cat are dramatically and beautifully illustrated in this unique celebration of the cat. |
| 521 ## - TARGET AUDIENCE NOTE | |
| Target audience note | 140 <br/> |
| Source | Lexile |
| 521 ## - TARGET AUDIENCE NOTE | |
| Target audience note | B <br/> |
| Source | Raz-Plus |
| 650 ## - SUBJECT ADDED ENTRY--TOPICAL TERM | |
| Source of heading or term | Cat |
| 942 ## - ADDED ENTRY ELEMENTS (KOHA) | |
| Source of classification or shelving scheme | Dewey Decimal Classification |
| Koha item type | Books |
| Suppress in OPAC | No |
| 999 ## - | |
| -- | 1346 |
| -- | 1346 |
| Withdrawn status | Lost status | Source of classification or shelving scheme | Damaged status | Not for loan | Collection | Home library | Current library | Shelving location | Date acquired | Total Checkouts | Full call number | Barcode | Date last seen | Date last checked out | Price effective from | Koha item type |
|---|---|---|---|---|---|---|---|---|---|---|---|---|---|---|---|---|
| Dewey Decimal Classification | Juvenile Fiction | Footprints International School Library Network Toul Kork Campus | Footprints International School Library Network Toul Kork Campus | TK Primary Library Room(4th Floor), Bookcase 7, Shelves 57-60, Dark Green Books | 08/18/2023 | 4 | MOR Fic PZ7.M82818 | FISTK05198 | 06/04/2025 | 04/02/2025 | 08/18/2023 | Books |
